000 00666nam a2200205 i 4500
001 63136
003 ES-MaACL
005 20250808021001.0
007 t|
008 031128s1971 sp ||||1| spa d
100 1 _aFerrán, Jaime,
_d1928-
_950236
245 1 4 _aLos diálogos de Juan Maragall /
_cJaime Ferrán.
260 _aMadrid :
_bEditora Nacional,
_c1971.
300 _a261 p. ;
_c21 cm.
490 1 _a"Vida y Pensamiento Españoles". Serie Biografías
600 1 4 _aMaragall, Joan,
_d1860-1911
_9152432
830 0 0 _aVida y pensamientos españoles.
_pBiografías
_9176601
852 _aES-MaACL
_jC-38783
_bR.77783
999 _c63136
_d63136